Personnages de Dishonored par images - Statistiques

Statistiques générales
  • Ce quiz a été pris 5 fois
  • Le résultat moyen est 14 sur 23
Statistiques - réponses
Par images Réponse % Correct
Corvo Attano
100%
Emily Kalwin
100%
Anton Sokolov
75%
Daud (la Lame de Dunwall)
75%
Delilah Copperspoon
75%
Jessamine Kalwin
75%
Lady Boyle
75%
L'Outsider
75%
Piero Joplin
75%
Samuel Beechworth
75%
Superviseur Teague Martin
75%
Vera Moray (Mamie Chiffons)
75%
Amiral Farley Havelock
50%
Billie Lurk
50%
Callista Curnow
50%
Grand Superviseur Thaddeus Campbell
50%
Hiram Burrows (Lord Régent)
50%
Jumeaux Pendleton (Custis et Morgan)
50%
Majordome Wallace Higgins
50%
Cecelia
25%
Lord Treavor Pendleton
25%
Lydia Brooklaine
25%
Slackjaw
25%
Aucun quiz correspondant
Distribution des résultats
% des personnes avec chaque résultat
Percentile par nombre de réponses
Votre historique - résultats
Vous n’avez pas pris ce quiz